LEADER 01229oam 2200277z- 450 001 9910148684003321 005 20170310091117.0 010 $a2-8061-2106-X 010 $a2-8061-0856-X 035 $a(CKB)3710000000922580 035 $a(VLeBooks)9782806121066 035 $a(EXLCZ)993710000000922580 100 $a20171120c2016uuuu -u- - 101 0 $afre 200 $aIntimes Dissemblances: Roman 210 $cAcademia 215 $a1 online resource (212 p.) 225 $aLitteratures/Academia 311 $a2-8061-0310-X 330 $aMarianne (nonante-deux ans) decide de regler les dernieres tracasseries qui l'empecheraient de partir en paix. Helene (sa fille) deviendra bientot grand-mere par son fils Vincent. Juliette, la fille d'Helene, cherche a tomber enceinte depuis cinq ans. Pour Marianne, sa petite-fille lui ressemble jusque dans des details que Juliette est loin de supposer. Celle-ci rejette le carcan dans lequel sa mere et sa grand-mere vivent, l'une par rapport a l'autre, dans leurs ressemblances et intimes dissemblances. 676 $a843/.92 700 $aVan Olphen$01745250 906 $aBOOK 912 $a9910148684003321 996 $aIntimes Dissemblances: Roman$94175761 997 $aUNINA